00361nam a2200109Ia 4500008004100000040004400041100002100085245007900106260002500185300002400210999001700234180412s9999||||xx |||||||||||||| ||und|| aAhmadu Bello University Library - Zaria aFonvieille, Rene 0aLe veritable Julien Sorel: preface de Vittorio del litto.cRene Fonvieille aParisbArthaudc1971 a328p.: ill., diagr. c24593d24593